| 000 | 00000nam##2200000za#4500 |
| 001 | 9.663186 |
| 003 | CaOODSP |
| 005 | 20210615120929 |
| 007 | ta |
| 008 | 150407|2001||||xxc||||| f|0| 0 fre|d |
| 020 | |a0-662-66064-1 |
| 040 | |aCaOODSP|bfre |
| 041 | |aeng |
| 041 | |afre |
| 043 | |an-cn--- |
| 086 | 1 |aH114-4/2001 |
| 110 | 1 |aCanada.|bSanté Canada. |bAgence de réglementation de la lutte antiparasitaire. |
| 245 | 10|aLes sanctions administratives pécuniaires (SAP) |
| 260 | |aOttawa - Ontario : |bSanté Canada. |c2001. |
| 300 | |aTexte français, 16p. ; |c22 cm. |
| 546 | |aBilingue |
| 563 | |aCouverture souple |
| 590 | |a02-02|b2002-01-11 |
| 691 | 07|aPesticide|2gcpds |
| 691 | 07|aRéglementation|2gcpds |
| 691 | 07|aSanction économique|2gcpds |
| 776 | 0#|tLes sanctions administratives pécuniaires (SAP) |w(CaOODSP)9.639665 |
| 776 | 0#|tAdministrative monetary penalties (AMPs) |w(CaOODSP)9.695533 |
| 791 | |tAdministrative Monetary Penalties (AMPs) |eeng|w(CaOODSP)9.663185 |